| 000 | 00906cab a2200265 4500 | ||
|---|---|---|---|
| 001 | ABS60166 | ||
| 008 | 090401t1999 xxu||||| |||| 00| 0 eng d | ||
| 035 | _a(Sirsi) u99743 | ||
| 041 | _aeng | ||
| 100 | _aBrenton, M. | ||
| 245 | _aCoHousing communities of older people - a possibility for Britain? | ||
| 260 | _c1999 | ||
| 350 | _a0 | ||
| 490 |
_aHousing and Planning Review _v54(1) February/March 1999, 7-8(2) |
||
| 520 | _aLooks at the CoHousing Communities in the Netherlands, whereby groups of older people live together and share everyday activities, rather than living alone, and considers how the Dutch model can be adapted for the UK. | ||
| 650 | _aCOHOUSING COMMUNITIES | ||
| 650 | _aCOMMUNAL FACILITIES | ||
| 650 | _aNETHERLANDS | ||
| 650 | _aOLDER PEOPLE | ||
| 650 | _aPRIVATE HOUSING | ||
| 650 | _aSOCIAL HOUSING | ||
| 690 | _aHOUSING | ||
| 942 | _n0 | ||
| 948 | _c05/03/1999 | ||
| 999 |
_c59979 _d59979 |
||